| 000 | 00674nas a2200241 i 4500 | ||
|---|---|---|---|
| 001 | 251 | ||
| 003 | ES-MaACL | ||
| 005 | 20250217133707.0 | ||
| 007 | t| | ||
| 008 | 950801c1928 xxu | | 1 ||ng d | ||
| 080 | _a73 | ||
| 245 | 0 | 0 | _aArchives of pathology. |
| 260 |
_aChicago : _bAmerican Medical Association, _c[1928?]- |
||
| 300 |
_a30 v. : _bgrab. ; _c27 cm. |
||
| 310 | _aMensual | ||
| 362 | 1 | _a[1928?]- | |
| 650 | 1 | 4 |
_aPatologĂa. _915884 |
| 700 | 1 |
_aHektoen, Ludvig, _edir. _9227415 |
|
| 710 | 2 |
_aAmerican Medical Association. _91367 |
|
| 852 |
_aES-MaACL _jHEM-D-90 _xHem-1281 _d |
||
| 866 | 0 | _o(1946)1947-49,1951-58(1959)1960(1961). | |
| 999 |
_c251 _d251 |
||